00666nam a2200241 a 4500001001300000003000900013005001700022008004100039020000900080082001300089100002000102245002900122260004100151300000900192500003500201505001000236650002300246700002000269902000800289942000700297952010500304999001500409nice12345678IN_TiNIC20260116012555.0050524s1963 dela grp 000 0 eng  ac4500a297bFYZ aFyzee, Asaf A A aModern Approach to Islam aDelhibOxford University Pressc1963 a127p aincludes index and biblioraphy2 aIndex aIslam-20th Century1 aFyzee, Asaf A A bSRS cBK 00104070aHMIbHMId2008-04-09g45.00l2o297 FYZp010398r2018-02-08s2018-01-16w2026-01-16yEB c7509d7509